Statistics for U.S. States by TV show

Click here to take the quiz!

General Stats

  • This quiz has been taken 55 times
  • The average score is 21 of 24

Answer Stats

HintAnswer% Correct
FriendsNew York
100%
The Big Bang TheoryCalifornia
96%
Married... With ChildrenIllinois
94%
The SopranosNew Jersey
92%
Twin PeaksWashington
92%
The Golden GirlsFlorida
90%
Breaking BadNew Mexico
90%
The Walking DeadGeorgia
88%
South ParkColorado
88%
Parks & RecreationIndiana
87%
GleeOhio
87%
Northern ExposureAlaska
85%
CheersMassachusetts
85%
DeadwoodSouth Dakota
85%
FargoMinnesota
85%
Murder, She WroteMaine
83%
Big LoveUtah
83%
Family GuyRhode Island
81%
True BloodLouisiana
79%
The WireMaryland
79%
BonanzaNevada
79%
HomelandVirginia
77%
SmallvilleKansas
77%
Gilmore GirlsConnecticut
73%

Score Distribution

Percentile by Number Answered

Percent of People with Each Score

Your Score History

You have not taken this quiz